| 000 | 00866nam a22002413a 4500 | ||
|---|---|---|---|
| 005 | 20220623063505.0 | ||
| 008 | 010531s1999 mx fr 000 0 spa d | ||
| 020 | _a847869 | ||
| 035 | _aUPN01000116990 | ||
| 049 | _aCG | ||
| 050 | 4 |
_aLB1131 _bP7.6 no.25 |
|
| 100 | 1 |
_aYuste Hernanz, Carlos _929510 |
|
| 245 | 1 | 0 |
_aEstrategias de cálculo y resolución de problemas / _cCarlos Yuste Hernanz, José Luis Galve Manzano. |
| 260 |
_aMadrid : _bCEPE, _c1999. |
||
| 300 |
_a112 p. : _bil. |
||
| 440 | 0 |
_aProgresint ; _v25 |
|
| 500 | _a"Enseñanza Secundaria Obligatoria. Nivel 4" | ||
| 500 | _a"Programas para la estimulación de las habilidades de la inteligencia" | ||
| 650 | 4 |
_aCALCULO - _xESTUDIO Y ENSEÑANZA (SECUNDARIA) _94528 |
|
| 650 | 4 |
_aCALCULO - _vPROBLEMAS, EJERCICIOS, ETC. _94539 |
|
| 700 | 1 |
_aGalve Manzano, José Luis _ecoaut. _928876 |
|
| 905 | _aLibro | ||
| 999 |
_c89618 _d89618 |
||